000
00299nam a22001457a 4500
003
SGT
082
_a
615
_b
P15N
100
_a
N,KUMAR
245
_a
TEXT BOOK OF PHARMACOGNOSY
250
_a
1ST
260
_a
DELHI
_b
AITBS PUB
_c
2015
300
_a
408
650
_a
PHARMACOGNOSY
942
_2
ddc
_c
BK
_0
2
999
_c
8708
_d
8708